000 00512nam a2200157Ia 4500
008 160316s1998 xxu||||| |||| 00| 0 eng d
082 _a362.712000
_bSWA
100 _aSwaminathan Mina. Ed
245 _aThe first five years : A critical perspective on early childhood care and education in India
250 _a
260 _aNew Delhi
_bSage Publications
_c1998
300 _a312p
_b312p*
_c
365 _b450/-*
650 _a1.Child Care - Services - India 2.Early Childhood Education - India
700 _a
_a
999 _c13059
_d13059